<?xml version="1.0" encoding="UTF-8"?><?xml-stylesheet type="text/xsl" href="static/style.xsl"?><OAI-PMH xmlns="http://www.openarchives.org/OAI/2.0/" xmlns:xsi="http://www.w3.org/2001/XMLSchema-instance" xsi:schemaLocation="http://www.openarchives.org/OAI/2.0/ http://www.openarchives.org/OAI/2.0/OAI-PMH.xsd"><responseDate>2026-06-05T19:15:52Z</responseDate><request verb="GetRecord" identifier="oai:riuma.uma.es:10630/36706" metadataPrefix="marc">https://riuma.uma.es/rest/oai/request</request><GetRecord><record><header><identifier>oai:riuma.uma.es:10630/36706</identifier><datestamp>2026-04-13T09:24:24Z</datestamp><setSpec>com_10630_2254</setSpec><setSpec>col_10630_37953</setSpec></header><metadata><record xmlns="http://www.loc.gov/MARC21/slim" xmlns:dcterms="http://purl.org/dc/terms/" xmlns:doc="http://www.lyncode.com/xoai" xmlns:xsi="http://www.w3.org/2001/XMLSchema-instance" xsi:schemaLocation="http://www.loc.gov/MARC21/slim http://www.loc.gov/standards/marcxml/schema/MARC21slim.xsd">
   <leader>00925njm 22002777a 4500</leader>
   <datafield ind2=" " ind1=" " tag="042">
      <subfield code="a">dc</subfield>
   </datafield>
   <datafield ind2=" " ind1=" " tag="720">
      <subfield code="a">Sanguinetti Fernández-Ordoñez, Pablo Carlos</subfield>
      <subfield code="e">author</subfield>
   </datafield>
   <datafield ind2=" " ind1=" " tag="720">
      <subfield code="a">Palomo-Torres, María Bella</subfield>
      <subfield code="e">author</subfield>
   </datafield>
   <datafield ind2=" " ind1=" " tag="260">
      <subfield code="c">2024-11-07</subfield>
   </datafield>
   <datafield ind2=" " ind1=" " tag="520">
      <subfield code="a">The media portrayal of artificial intelligence (AI) directly impacts how audiences conceptualize&#xd;
this technology and, therefore, its use, development, and regulation. This study aims to measure&#xd;
a key aspect of this problem: the feeling of AI anxiety conveyed by news outlets that represent this&#xd;
technology as a sort of “alien” that is autonomous, opaque, and independent of humans. To do&#xd;
so, we build an AI anxiety index based on principal component analysis (PCA) and apply it to a&#xd;
corpus of headlines (n = 1682) about AI published before and after the launch of ChatGPT in ten&#xd;
newspapers: The New York Times, The Guardian, El País, Le Monde, Frankfurter Allgemeine Zeitung, San&#xd;
Francisco Chronicle, Manchester Evening News, La Voz de Galicia, Ouest France, and Münchner Merkur.&#xd;
The results show that ChatGPT not only boosted the number of AI headlines (× 5.16) but also reduced&#xd;
positive sentiments (−26.46%) and increased negatives (58.84%). The AI anxiety index also grew&#xd;
(10.59%), albeit driven by regional media (61.41%), while it fell in national media (−6.82%). Finally,&#xd;
the discussion of the variables that compose the index reveals the opportunities and challenges faced&#xd;
by national and regional media in avoiding the feeling of AI anxiety.</subfield>
   </datafield>
   <datafield ind1="8" ind2=" " tag="024">
      <subfield code="a">Sanguinetti, Pablo, and Bella Palomo. 2024. An Alien in the Newsroom: AI Anxiety in European and American Newspapers. Social Sciences 13: 608. https://doi.org/ 10.3390/socsci13110608</subfield>
   </datafield>
   <datafield ind1="8" ind2=" " tag="024">
      <subfield code="a">https://hdl.handle.net/10630/36706</subfield>
   </datafield>
   <datafield ind1="8" ind2=" " tag="024">
      <subfield code="a">10.3390/socsci13110608</subfield>
   </datafield>
   <datafield tag="653" ind2=" " ind1=" ">
      <subfield code="a">Inteligencia artificial</subfield>
   </datafield>
   <datafield tag="653" ind2=" " ind1=" ">
      <subfield code="a">Ansiedad</subfield>
   </datafield>
   <datafield tag="653" ind2=" " ind1=" ">
      <subfield code="a">Periodismo</subfield>
   </datafield>
   <datafield ind2="0" ind1="0" tag="245">
      <subfield code="a">An Alien in the Newsroom: AI Anxiety in European and American Newspapers</subfield>
   </datafield>
</record>
</metadata></record></GetRecord></OAI-PMH>